Teología de los sacramentos

保存先:
書誌詳細
第一著者: Vorgrimler, Herbert (著者)
フォーマット: 図書
言語:スペイン語
出版事項: Barcelona Herder 1989
シリーズ:Biblioteca de Teología. Panorama Actual del Pensamiento Cristiano, 13
主題:
タグ: タグ追加
タグなし, このレコードへの初めてのタグを付けませんか!

MARC

LEADER 00000nam a2200000 a 4500
001 UCX0957
003 CL-VaPUC
008 900423e19890000SP |||||||||||||||||spa|d
020 |a 8425416515 
082 0 4 |a 234.16  |b VOR  |2 21 
100 0 |a Vorgrimler, Herbert  |e author  |9 316323 
245 1 0 |a Teología de los sacramentos 
300 |a 413 p 
942 |c BK 
945 |d 19900423 00:00:00 
260 |a Barcelona  |b Herder  |c 1989 
650 0 |a Sacramentos   |9 257270 
583 |a last modification  |c 19900423 00:00:00  |k Rodrigo Vera 
490 0 |a Biblioteca de Teología. Panorama Actual del Pensamiento Cristiano, 13 
999 |c 222323  |d 222321 
952 |0 0  |1 0  |4 0  |6 234_160000000000000_VOR_1989  |7 0  |8 A  |9 216844  |a BIBTEO  |b BIBTEO  |d 2019-11-15  |i 2858223  |o 234.16 VOR 1989  |p 2858223  |r 2025-01-17  |w 2019-11-15  |y BK  |k ICR 
952 |0 0  |1 0  |4 0  |6 234_160000000000000_VOR_1989  |7 0  |8 A  |9 216845  |a BIBTEO  |b BIBTEO  |d 2019-11-15  |i 4124146  |l 1  |o 234.16 VOR 1989  |p 4124146  |r 2025-03-07  |s 2025-03-03  |w 2019-11-15  |y BK  |k ICR